000 00319nam a2200133 a 4500
008 110513s1991|||| d
100 1 _aPravda, Miroslav
700 1 _aPravdová, Marie
245 1 0 _aFrancuzština pre samoukov
260 _bSPN
_aBratislava
_c1991
044 _axo
_cSK
041 _aslo
020 _c79
999 _c19628
_d19628